Calorie adequacy for optimal cognitive recovery among hospitalised traumatic brain injury patients
Saved in:
| Main Author: | |
|---|---|
| Format: | Thesis Book |
| Language: | English |
| Subjects: | |
| Tags: |
Add Tag
No Tags, Be the first to tag this record!
|
| LEADER | 01231cam a2200277 7i4500 | ||
|---|---|---|---|
| 001 | 0000100512 | ||
| 005 | 20211101090000.0 | ||
| 008 | 211027s2021 my eng | ||
| 040 | |a UniSZA | ||
| 050 | 0 | |a x | |
| 090 | 0 | 0 | |a x |
| 100 | 0 | |a Mohd Ibrahim bin Abdullah |e author | |
| 245 | 1 | 0 | |a Calorie adequacy for optimal cognitive recovery among hospitalised traumatic brain injury patients |c Mohd Ibrahim bin Abdullah. |
| 264 | 0 | |c 2021. | |
| 300 | |a xxi, 252 leaves; |c 31 cm. | ||
| 336 | |a text |2 rdacontent | ||
| 337 | |a unmediated |2 rdamedia | ||
| 338 | |a volume |2 rdacarrier | ||
| 502 | |a Thesis (Degree of Philosophy) - Universiti Sultan Zainal Abidin, 2021 | ||
| 504 | |a Includes bibliographical references (leaves 181-215) | ||
| 505 | 0 | |a 1. General introduction -- 2. Literature review -- 3. General methodology -- 4. Phase 1: observational study -- 5. Phase 2: intervention study -- 6. General discussion and conclusion | |
| 610 | 0 | 0 | |a Universiti Sultan Zainal Abidin -- |x Faculty of Health Sciences |
| 610 | 2 | 0 | |a Universiti Sultan Zainal Abidin -- |x Dissertations |
| 650 | 0 | |a Dissertations, Academic | |
| 710 | 2 | |a Universiti Sultan Zainal Abidin | |
| 999 | |a 1000183005 |b Thesis |c Reference |e Badak Bibliographic & Index Unit | ||
